| 000 | 00953cab a2200325 4500 | ||
|---|---|---|---|
| 001 | ABS52696 | ||
| 008 | 090401t1995 xxu||||| |||| 00| 0 eng d | ||
| 035 | _a(Sirsi) u91485 | ||
| 041 | _aeng | ||
| 245 | _aEstates Times survey: East Midlands | ||
| 260 | _c1995 | ||
| 350 | _a0 | ||
| 490 |
_aEstates Times _vSupplement (1277) 28 April 1995 (LOAN) |
||
| 650 | _aBUSINESS PARKS | ||
| 650 | _aCHANNEL TUNNEL RAIL FREIGHT TERMINALS | ||
| 650 | _aCITY CHALLENGE | ||
| 650 | _aDAVENTRY INTERNATIONAL RAIL FREIGHT TERMINAL | ||
| 650 | _aDISTRIBUTION MARKET | ||
| 650 | _aEAST MIDLANDS | ||
| 650 | _aKETTERING | ||
| 650 | _aLEICESTER | ||
| 650 | _aMANSFIELD | ||
| 650 | _aNORTHAMPTON | ||
| 650 | _aNOTTINGHAM | ||
| 650 | _aPROPERTY-COMMERCIAL PROPERTY-OFFICE PROPERTY-OFFICE PROPERTY MARKET | ||
| 650 | _aURBAN REGENERATION | ||
| 690 | _aPROPERTY-COMMERCIAL PROPERTY-COMMERCIAL PROPERTY MARKET | ||
| 942 | _n0 | ||
| 948 | _c04/03/1997 | ||
| 999 |
_c58078 _d58078 |
||